Normal view MARC view

Entry Nome pessoal

Number of records used in: 4

001 - NÚMERO DE CONTROLE

  • campo de controle: 143

003 - IDENTIFICADOR DO NÚMERO DE CONTROLE

  • campo de controle: Br

005 - DATA E HORÁRIO DA ÚLTIMA TRANSAÇÃO

  • campo de controle: 20250122133923.0

008 - CAMPO DE DADOS FIXOS

  • campo de controle de tamanho fixo: 990917|| acnnnaab| aaaa d

035 ## - NÚMERO DE CONTROLE DO SISTEMA

  • Número de Controle do Sistema: 99091710023607E50

040 ## - FONTE DA CATALOGAÇÃO

  • Instituição da catalogação original: Br
  • Instituição que transcreveu o registro: Br

100 1# - CABEÇALHO--NOME PESSOAL

  • Nome pessoal: Benítez, J. J.,
  • Datas associadas ao nome: 1946-

400 1# - REMISSIVA VER--NOME PESSOAL

  • Nome pessoal: Benítez, Juan José,
  • Datas associadas ao nome: 1946-

400 1# - REMISSIVA VER--NOME PESSOAL

  • Nome pessoal: López, Juan José Benítez,
  • Datas associadas ao nome: 1946-

400 1# - REMISSIVA VER--NOME PESSOAL

  • Nome pessoal: Benítez-López, Juan José,
  • Datas associadas ao nome: 1946-

670 ## - FONTE POSITIVA DOS DADOS

  • Citação da fonte positiva dos dados: Autor de: Cavalo de Troia... 2014
  • Dados encontrados na fonte localizada no subcampo: (orelha: nasceu em Pamplona, Espanha, em 1946)

670 ## - FONTE POSITIVA DOS DADOS

  • Citação da fonte positiva dos dados: http://authorities.loc.gov 13/1/2016
  • Dados encontrados na fonte localizada no subcampo: (jornalista espanhol, nasceu em Pamplona, em 1946; rems.)

670 ## - FONTE POSITIVA DOS DADOS

  • Citação da fonte positiva dos dados: http://viaf.org/processed/BNE%7CXX853163
  • Dados encontrados na fonte localizada no subcampo: (escritor e jornalista espanhol; d.n., rems.)

670 ## - FONTE POSITIVA DOS DADOS

  • Citação da fonte positiva dos dados: http://viaf.org/processed/BNF%7C14539917
  • Dados encontrados na fonte localizada no subcampo: (Benítez, Juan José; escritor e jornalista; d.n., rems.)

Powered by Koha